Το κράτος στον περιφερειακό καπιταλισμό
Αποθηκεύτηκε σε:
| Άλλοι συγγραφείς: | , , |
|---|---|
| Μορφή: | Βιβλίο |
| Γλώσσα: | Greek |
| Δημοσίευση: |
Αθήνα :
Εξάντας,
1985
|
| Θέματα: | |
| Ετικέτες: |
Προσθήκη ετικέτας
Δεν υπάρχουν, Καταχωρήστε ετικέτα πρώτοι!
|
MARC
| LEADER | 00000cam a2200000 i 4500 | ||
|---|---|---|---|
| 001 | 1/88473 | ||
| 008 | 960405s1985 gre d | ||
| 035 | |a 1986 |c Αγορά |l 10035508 | ||
| 040 | |a GR-MY-UA |b gre |e aacr | ||
| 041 | 0 | |a gre | |
| 082 | 0 | |a 320.1 | |
| 245 | 1 | 3 | |a Το κράτος στον περιφερειακό καπιταλισμό / |c Βεργόπουλος... [κ.ά] |
| 260 | |a Αθήνα : |b Εξάντας, |c 1985 | ||
| 300 | |a 262 σ.; |c 20 εκ. | ||
| 650 | 0 | 0 | |a State, The. |
| 650 | 0 | 0 | |a Political sociology. |
| 650 | 0 | 0 | |a Capitalism. |
| 651 | 0 | |a Developing countries |x Politics and government. | |
| 700 | 1 | |a Βεργόπουλος, Κώστας, |d 1942- | |
| 700 | 1 | |a Τσουκαλάς, Κωνσταντίνος |d 1937- | |
| 700 | 1 | |a Μουζέλης, Νίκος Π. | |
| 852 | |a INST |b CHIOS |e 19960405 |h 320.1 ΚΡΑ |p 005200006050 |q 005200006050 |t BK |y 0 | ||
| 852 | |a INST |b LESVOS |e 19961115 |h 320.1 ΚΡΑ |p 005100012490 |q 005100012490 |t BK |y 0 | ||
| 852 | |a INST |b LESVOS |e 20070522 |h 320.1 ΚΡΑ |p 005100037373 |q 005100037373 |t BK |y 0 | ||
| 852 | |a INST |b RHODES |e 19960705 |h 320.1 ΚΡΑ |p 005400002294 |q 005400002294 |t BK |y 0 | ||
| 852 | |a INST |b RHODES |e 20050623 |h 320.1 ΚΡΑ |p 005400023155 |q 005400023155 |t BK |y 0 | ||
| 901 | |a BIBL4-2005-2 | ||
| 901 | |a BIBL1-2007-2 | ||
| 909 | |a Ρ |b 003369 |c 1986 | ||
| 909 | |a Λ |b 011384 | ||
| 909 | |a Λ |b 124148 | ||
| 909 | |a Χ |b 001986 | ||
| 970 | |a ΚΟΖΑ |b ΜΑΡΙΑ |z 2005/06/23 | ||